LEADER 01454nam a2200325 i 4500 001 000000037370 003 CaOOAMICUS 005 20250505165005.0 008 090507s1991 it u000 u ita u 013 $a7628 020 $a88-384-1660-5 040 $aSeMil$bita 100 0 $aIoannes Paulus II,$c.$0(OLS)http://semarc/name/646 245 10$aEuropa :$bun magistero tra storia e profezia /$cGiovanni Paolo 2. ; presentazione di Carlo Martini Maria ; a cura di Mario Spezzibottiani. 260 $aCasale Monferrato (AL) :$bPiemme,$ccopyr. 1991. 300 $a617 p. ;$c24 cm. 650 4$aPapato e Europa.$0(OLS)http://semarc/subject/41079 700 1 $aMartini, Carlo Maria,$c.$0(OLS)http://semarc/name/89159 700 1 $aSpezzibottiani, Mario,$c.$0(OLS)http://semarc/name/16835 850 $aSeMil 852 $aSeMil$W1$xVenegono$y1$m2A I 272$j3525$B3525$CSeMilBibl$Z2$F3525 $81 900 1 $aWojtyla, Karol,$d<1920-2005>. 900 0 $aGiovanni Paolo II$c. 961 $aLascito: Spezzibottiani don Mario 996 $6020$a88-384-1660-5$9(OLS)http://semarc/number/6352 996 $6245$aEuropa :$bun magistero tra storia e profezia$9(OLS)http://semarc/title/52273 996 $6260$aCasale Monferrato (AL) :$bPiemme$9(OLS)http://semarc/publisher/30052 LEADER 01428nam a2200277 i 4500 001 000000051897 003 CaOOAMICUS 005 20200812144734.0 008 121212s1726 it u000 u ita u 013 $a23069 026 $aiuoa i-i- oito difo (3) 1726 (R) 040 $aSeMil$bita 100 0 $aGaetano Maria : da Bergamo,$c.$0(OLS)http://semarc/name/14720 245 12$aL'uomo apostolico istruito nella sua vocazione al confessionario per udire spezialmente le confessioni generali ... Opera di fr. Gaetano Maria da Bergamo .. 260 $aIn Bergamo :$bPer Giovanni Santini,$c1726. 300 $a[24], 564, [20] p. ;$c4º. 500 $aFront. stampato in rosso e nero. - Fregio xilogr. sul front. - Iniz. e fregi xilogr. - Segn. : *8 2*4 A-F8 G-3X4. 650 4$aPenitenza - Manuali.$0(OLS)http://semarc/subject/4416 700 1 $aSantini, Giovanni,$c.$0(OLS)http://semarc/name/3206 850 $aSeMil 852 $aSeMil$W1$xVenegono$y1$m2G II 2 FA$j18052$B18052$CSeMilBibl$Z2$F18053 $8I 941 1 $a10 961 $aRecupero: Mantegazza 996 $6245$aL'uomo apostolico istruito nella sua vocazione al confessionario per udire spezialmente le confessioni generali ... Opera di fr. Gaetano Maria da Bergamo ..$9(OLS)http://semarc/title/79557 996 $6260$aIn Bergamo :$bPer Giovanni Santini$9(OLS)http://semarc/publisher/42464